Στατιστική / Μέθοδοι Ανάλυσης για Επιχειρηματικές Αποφάσεις (Record no. 2568)
[ view plain ]
| 000 -LEADER | |
|---|---|
| fixed length control field | 01795cam a22002054a 4500 |
| 005 - ΗΜΕΡΟΜΗΝΙΑ ΚΑΙ ΩΡΑ ΤΕΛΕΥΤΑΙΑΣ ΕΝΗΜΕΡΩΣΗΣ | |
| Πεδίο ελέγχου | 20250605164046.0 |
| 008 - FIXED-LENGTH DATA ELEMENTS--GENERAL INFORMATION | |
| Πεδίο ελέγχου σταθερού μήκους | 250528s ||||||||||||||||||||||||d |
| 035 ## - SYSTEM CONTROL NUMBER | |
| System control number | 17128 |
| 020 ## - ISBN | |
| ISBN | 9608574943 |
| 040 ## - ΠΗΓΗ ΚΑΤΑΛΟΓΟΓΡΑΦΗΣΗΣ | |
| Φορέας πρωτότυπης καταλογογράφησης | MC Athens Campus Library |
| Γλώσσα καταλογογράφησης | Ελληνικά, Μοντέρνα (1453-) |
| Modifying agency | MC Athens Campus Library |
| Κανόνες περιγραφικής καταλογογράφησης | AACR2 |
| 245 1# - ΤΙΤΛΟΣ ΚΑΙ ΔΗΛΩΣΗ ΥΠΕΥΘΥΝΟΤΗΤΑΣ | |
| Τίτλος | Στατιστική / Μέθοδοι Ανάλυσης για Επιχειρηματικές Αποφάσεις |
| 250 ## - EDITION STATEMENT | |
| Edition statement | 1η |
| 260 ## - PUBLICATION, DISTRIBUTION, ETC. | |
| Name of publisher, distributor, etc. | Rosili, |
| Date of publication, distribution, etc. | 2001 |
| 300 ## - PHYSICAL DESCRIPTION | |
| Extent | 488 |
| 520 ## - SUMMARY, ETC. | |
| Summary, etc. | Το παρόν βιβλίο αποτελεί ένα περιεκτικό και κατανοητό οδηγό των πιο διαδεδομένων μεθόδων της στατιστικής ανάλυσης. Πρόλογος, Είδη Στατιστικών Δεδομένων και Τρόποι Συλλογής τους, Τρόποι Παρουσίασης Στατιστικών Δεδομένων, Βασικά Χαρακτηριστικά Αριθμητικών Δεδομένων, Εισαγωγή στις Πιθανότητες και Κατανομές Πιθανοτήτων, Η Κανονική Κατανομή και Κατανομές Δειγματοληψίας, Εκτίμηση Διαστήματος Εμπιστοσύνης, Έλεγχοι Υποθέσεων, Απλή Γραμμική Παλινδρόμηση και Συσχέτιση, Άλλα Είδη Συσχέτισης, Πολλαπλή Παλινδρόμησησ, Ανάλυση Διακύμανσης, Ανάλυση Χρονολογικών Σειρών, Αριθμοδείκτες, Στατιστικός Ποιοτικός Έλεγχος, Παράρτημα: Πίνακες, Εμπειρικά Δεδομένα, Βιβλιογραφία. |
| 700 1# - ΠΡΟΣΘΕΤΗ ΑΝΑΓΡΑΦΗ--ΦΥΣΙΚΟ ΠΡΟΣΩΠΟ | |
| Personal name | Χαλκιάς Ιωάννης Γ |
| 9 (RLIN) | 3272 |
| 942 ## - ADDED ENTRY ELEMENTS (KOHA) | |
| Koha item type | Books |
| Τύπος τεκμηρίου | Βιβλιοθήκη | Τρέχουσα τοποθεσία | Barcode | Αριθμός εισαγωγής | Ημερομηνία απόκτησης | Ταξιθετικό σύμβολο | Αριθμός αντιτύπου | Κατάσταση απόσυρσης | Κατάσταση χαμένου | Κατάσταση κατεστραμμένου | Μη δανεισμός | Σύνολο δανεισμών | Ημερομηνία τελευταίας εμφάνισης | Η τιμή ισχύει από |
|---|---|---|---|---|---|---|---|---|---|---|---|---|---|---|
| Books | MC Athens Campus Library | MC Athens Campus Library | 9780000025678 | 7866 | 05/06/2025 | 519.542 HAL | 1 | 05/06/2025 | 05/06/2025 |